All Mewgenics Classes - Statistics

General Stats
  • This quiz has been taken 60 times
    31 since last reset
  • The average score is 12 of 13
Answer Stats
Classes % Correct
Fighter
100%
Hunter
96%
Mage
96%
Necromancer
96%
Tank
96%
Tinkerer
96%
Butcher
92%
Cleric
92%
Thief
92%
Druid
88%
Jester
88%
Monk
88%
Psychic
84%
No matching quizzes found
Score Distribution
Percent of People with Each Score
Percentile by Number Answered
Your Score History
You have not taken this quiz since the last reset